Central Library OPAC University of Rajshahi

Theory of laminar flows / (Record no. 14767)

MARC details
000 -LEADER
fixed length control field 00713nam a2200229 a 4500
001 - CONTROL NUMBER
control field 14767
003 - CONTROL NUMBER IDENTIFIER
rucl marc code BD-RjUL
005 - DATE AND TIME OF LATEST TRANSACTION
control field 20211208235704.0
008 - FIXED-LENGTH DATA ELEMENTS--GENERAL INFORMATION
fixed length control field 170530s1964 njua b 001 0 eng d
035 ## - SYSTEM CONTROL NUMBER
System control number (BD-RjUL)14821
040 ## - CATALOGING SOURCE
Original cataloging agency DLC/ICU
Transcribing agency ICU
Modifying agency DLC
-- BD-RjUL
Language of cataloging eng
041 ## - LANGUAGE CODE
Language code of text/sound track or separate title eng
082 00 - DEWEY DECIMAL CLASSIFICATION NUMBER
Classification number 532.0525
Author mark and year THE 1964
Edition number 23
245 00 - TITLE STATEMENT
Title Theory of laminar flows /
Statement of responsibility, etc. Editor, F. K. Moore
260 ## - PUBLICATION, DISTRIBUTION, ETC. (IMPRINT)
Place of publication, distribution, etc. Princeton, N.J.:
Name of publisher, distributor, etc. Princeton University Press,
Date of publication, distribution, etc. 1964.
300 ## - PHYSICAL DESCRIPTION
Pagination v. :
Illustrations ill. ;
Size 24 cm.
504 ## - BIBLIOGRAPHY, ETC. NOTE
Bibliography, etc Includes bibliography and index.
505 0# - FORMATTED CONTENTS NOTE
Formatted contents note Vol. 4 -- High speed aerodynamics and jet propulsion.--
650 #0 - SUBJECT ADDED ENTRY--TOPICAL TERM
Topical term or geographic name as entry element Laminar flow.
9 (RLIN) 27305
700 ## - ADDED ENTRY--PERSONAL NAME
Personal name Moore, F. K. ; editor
942 ## - ADDED ENTRY ELEMENTS (KOHA)
Source of classification or shelving scheme Dewey Decimal Classification
Koha item type Books
Holdings
Lost status Source of classification or shelving scheme Damaged status Not for loan Collection code Permanent Location Current Location Shelving location Date acquired Source of acquisition Total Checkouts Full call number Date last seen Copy number Koha item type
  Dewey Decimal Classification     Non-fiction Central Library, University of Rajshahi Central Library, University of Rajshahi   14/12/1973 U.S. Govt.   532.0525 THE V-4 1964 08/02/2014 C-4 Books
  Dewey Decimal Classification     Non-fiction Central Library, University of Rajshahi Central Library, University of Rajshahi   14/12/1973 U.S Govt.   532.0525 THE V-4 1964 09/02/2014 C-2 Books
  Dewey Decimal Classification     Non-fiction Central Library, University of Rajshahi Central Library, University of Rajshahi   14/12/1973 U.S.Govt.   532.0525 THE V-4 1964 01/01/2015 C-3 Books
  Dewey Decimal Classification   Not For Loan Non-fiction Central Library, University of Rajshahi Central Library, University of Rajshahi Reading Room 08/12/2021 U.S. Govt.   532.0525 THE V-4 1964 30/05/2017 C-1 Books
  Dewey Decimal Classification     Non-fiction Central Library, University of Rajshahi Central Library, University of Rajshahi   08/12/2021 U.S. Govt.   532.0525 THE V-4 1964 30/05/2017 C-5 Books
  Dewey Decimal Classification     Non-fiction Central Library, University of Rajshahi Central Library, University of Rajshahi   08/12/2021 U.S. Govt.   532.0525 THE V-4 1964 30/05/2017 C-6 Books
  Dewey Decimal Classification     Non-fiction Central Library, University of Rajshahi Central Library, University of Rajshahi   08/12/2021 U.S. Govt.   532.0525 THE V-4 1964 30/05/2017 C-7 Books
  Dewey Decimal Classification     Non-fiction Central Library, University of Rajshahi Central Library, University of Rajshahi   08/12/2021 U.S. Govt.   532.0525 THE V-4 1964 30/05/2017 C-8 Books
  Dewey Decimal Classification     Non-fiction Central Library, University of Rajshahi Central Library, University of Rajshahi   08/12/2021 U.S. Govt.   532.0525 THE V-4 1964 30/05/2017 C-9 Books
  Dewey Decimal Classification     Non-fiction Central Library, University of Rajshahi Central Library, University of Rajshahi   08/12/2021 U.S. Govt.   532.0525 THE V-4 1964 30/05/2017 C-10 Books